000 01187pam a2200361 a 4500
001 6449
003 FISKH
005 20250505095445.0
008 940923s1995 nyua j 000 0 eng
010 _a 94038345
020 _a9780590222969
040 _aDLC
_cDLC
_dDLC
_beng
050 _aQK661 .R45
082 _a582.03
100 1 _aRelf, Patricia.
245 1 4 _aThe magic school bus plants seeds :
_ba book about how living things grow /
_cWritten by Joanna Cole and Illustratedby Bruce Degen
260 _aNew York :
_bScholastic,
_c1995.
300 _a32 unnumbered pages :
_bcolor illustrations ;
_c21 cm
505 _aG
520 _aMiss Frezzle's class plants a garden and travels via the magic school bus inside a flower.
521 8 _a420
_bLexile
521 8 _aG
_bRaz-Plus
650 0 _aSeeds
_xJuvenile literature.
650 0 _aPollination
_xJuvenile literature.
650 0 _aPlant life cycles
_xJuvenile literature.
650 0 _aFlowers
_xJuvenile literature.
650 1 _aSeeds.
650 1 _aPlants.
700 _aDegen, Bruce
_eillustrator
906 _a7
_bcbc
_corignew
_d1
_eocip
_f19
_gy-gencatlg
942 _2ddc
_cBK
_n0
999 _c6449
_d6449